| 000 | 00784cam a2200277 4500 | ||
|---|---|---|---|
| 008 | 090401t1996 xxu||||| |||| 00| 0 eng d | ||
| 020 | _a0419195904 | ||
| 035 | _a(Sirsi) u17022 | ||
| 041 | _aeng | ||
| 050 | _a692.50285 | ||
| 100 | _aCornick, Tim | ||
| 245 | _aComputer integrated building design | ||
| 260 |
_aLondon _bE & F N Spon _c1996 |
||
| 300 | _axii, 201p. ; 25cm. | ||
| 350 | _a24.99 | ||
| 650 | _aBUILT ENVIRONMENT-CONSTRUCTION DESIGN | ||
| 650 | _aCAD | ||
| 650 | _aCOMPUTER AIDED DESIGN | ||
| 650 | _aCOMPUTERS | ||
| 650 | _aProcurement-old | ||
| 690 | _aBUILDING AND CONSTRUCTION-COMPUTERS | ||
| 690 | _aBUILT ENVIRONMENT-CONSTRUCTION DESIGN | ||
| 690 | _aMANAGEMENT-BUSINESS MANAGEMENT-INFORMATION MANAGEMENT | ||
| 942 | _n0 | ||
| 948 | _c04/03/1997 | ||
| 999 |
_c87466 _d87466 |
||